000 00557nam a22002177a 4500
003 UA-OsUOA
001 129676
007 ta
008 20180319b un ||||| |||| 00| 0 ukr d
100 _aСобко І.
090 _a908
_bС54
942 _cSA
040 _aUA-OsUOA
_bukr
_cUA-OsUOA
_dUA-OsUOA
245 _aВ Острозькій академії говорили про Шевченка-художника
300 _aС.3
955 _a0
041 _aukr
080 _a908
773 0 _w129675
650 7 _a908 Краєзнавство
_2UDC
999 _c400138
_d400138